000 01903nam a2200349 i 4500
003 EG-GICUC
005 20260213124120.0
008 260213s1969 ua |||fr|||| 00| 0 ara d
040 _a EG-GICUC
_bara
_c EG-GICUC
_d EG-GICUC
_erda
041 0 _aAra
082 0 4 _221
_a343.47
_bس ع . م
092 0 4 _221
099 _aLaw1 10 343.47 س ع . م 1969
100 0 _aسعيد محمود السيد
_eمؤلف.
245 1 2 _aالموسوعة الجنائية للتشريعات الجنائية الخاصة.
_nالمجلد الثالث /
_cتأليف القاضى سعيد محمود السيد، وكيل النائب العام فتحى السيد لاشين.
264 1 _aالقاهرة :
_bدار الفكر الإشتراكى،
_c1969.
264 3 _bدار التضامن للطباعة
300 _a734 ؛صفحة
_c24 سم.
336 _2rda content
_atext
337 _2rda media
_aComputer
338 _2rda carrier
_aOnline Resource
490 _aالمراجع القانونية
500 _aالقوانين والقرارات الزراعية قوانين الثقافة والملكية الأدبية قوانين الأحكام العسكرية والتعبئة والدفاع الوطنى قوانين الكسب غير المشروع والإنتخاب والإحصاء والتكليف والمؤسسات والشركات قوانين العمل والتأمينات الإجتماعية طبقا لأحدث التعديلات معلقا على نصوص أحكام النقض.
546 _aالنص باللغة العربية
650 1 _aتشريعات جنائية خاصة أخرى
_2qrmak
650 1 _aالقانون الجنائى
_2qrmak
651 1 _2qrmak
700 _aفتحى السيد لاشين
_eمؤلف مشارك.
856 4 0 _uhttps://fll.law.cu.edu.eg/fulltext/bks/B10-08789.pdf
905 _a54
942 _2ddc
_cBK
_e21
_n0
999 _c63016
_d63016